[Event "34ème Open International d'Avoine"]
[Site "AVOINE"]
[Date "2019.07.20"]
[Round "5.10"]
[White "Colin, Vincent"]
[Black "Fruteau, Sabine"]
[Result "1-0"]
[WhiteElo "2370"]
[BlackElo "1979"]
[PlyCount "64"]
[EventDate "2019.??.??"]
[WhiteTeam "Les Tours des Hauts de France - St Quentin"]
[BlackTeam "Orcher la Tour"]

1. Nf3 {[%emt 0:00:02]} Nf6 {[%emt 0:00:00]} 2. c4 {[%emt 0:00:00]} g6 {
[%emt 0:00:00]} 3. Nc3 {[%emt 0:00:00]} Bg7 {[%emt 0:00:00]} 4. e4 {
[%emt 0:00:00]} d6 {[%emt 0:00:00]} 5. d4 {[%emt 0:00:00]} O-O {[%emt 0:00:00]}
6. Be2 {[%emt 0:00:00]} e5 {[%emt 0:00:00]} 7. d5 {[%emt 0:00:00]} Na6 {
[%emt 0:00:00]} 8. Bg5 {[%emt 0:03:12]} h6 {[%emt 0:00:52]} 9. Bd2 {
[%emt 0:03:28]} Nc5 {[%emt 0:00:00]} 10. Qc2 {[%emt 0:00:30]} a5 {
[%emt 0:02:52]} 11. g3 {[%emt 0:07:40]} Bd7 {[%emt 0:12:54]} 12. Nh4 {
[%emt 0:00:39]} Kh7 {[%emt 0:19:23]} 13. f3 {[%emt 0:07:02]} Ng8 {
[%emt 0:05:50]} 14. Be3 {[%emt 0:05:49]} Ne7 {[%emt 0:17:00]} 15. O-O-O {
[%emt 0:04:41]} Na6 {[%emt 0:19:41]} 16. a3 {[%emt 0:04:59]} Nc8 {
[%emt 0:03:12]} 17. Ng2 {[%emt 0:00:53]} Bh3 {[%emt 0:10:28]} 18. Ne1 {
[%emt 0:00:49]} h5 {[%emt 0:01:20]} 19. Kb1 {[%emt 0:09:54]} Bd7 {
[%emt 0:01:00]} 20. h4 {[%emt 0:00:43]} Nc5 {[%emt 0:03:53]} 21. Nd3 {
[%emt 0:01:45]} b6 {[%emt 0:00:48]} 22. g4 {[%emt 0:00:48]} Bf6 {[%emt 0:00:31]
} 23. Rdg1 {[%emt 0:00:00]} hxg4 {[%emt 0:00:41]} 24. fxg4 {[%emt 0:01:06]} Bg7
{[%emt 0:00:17]} 25. g5 {[%emt 0:00:28]} Kg8 {[%emt 0:00:34]} 26. Nf2 {
[%emt 0:01:15]} a4 {[%emt 0:00:25]} 27. Ng4 {[%emt 0:00:23]} Nb3 {
[%emt 0:00:29]} 28. Nh6+ {[%emt 0:00:26]} Bxh6 {[%emt 0:00:42]} 29. gxh6 {
[%emt 0:00:08]} Kh7 {[%emt 0:00:07]} 30. h5 {[%emt 0:00:34]} Rg8 {
[%emt 0:00:16]} 31. hxg6+ {[%emt 0:00:32]} fxg6 {[%emt 0:00:22]} 32. Bg4 {
[%emt 0:01:24]} Bxg4 {
1-0 (32) Colin,V (2370)-Fruteau,S (1979) Avoine, France 2019 [%emt 0:01:33]}
1-0

[Event "34ème Open International d'Avoine"]
[Site "AVOINE"]
[Date "2019.07.24"]
[Round "5.8"]
[White "Haub, Thorsten Michael"]
[Black "Dupont, Arthur"]
[Result "1-0"]
[WhiteElo "2404"]
[BlackElo "1985"]
[PlyCount "135"]
[EventDate "2019.??.??"]

1. e4 e5 2. Nf3 Nc6 3. Bb5 a6 4. Ba4 d6 5. c3 Bd7 6. O-O g5 7. d4 g4 8. Ne1 h5
9. f4 exd4 10. cxd4 d5 11. Nc3 dxe4 12. d5 Nb4 13. Bxd7+ Kxd7 14. a3 Nd3 15.
Nxe4 Nc5 16. Nd3 Nxd3 17. Qxd3 Qe7 18. Be3 Re8 19. Nc5+ Kc8 20. Qf5+ Kb8 21.
Nd7+ Ka8 22. Bc5 Nh6 23. Bxe7 Nxf5 24. Bxf8 Rd8 25. Rfe1 b6 26. Nxb6+ cxb6 27.
Re5 Rhxf8 28. Rxf5 Rfe8 29. Kf1 Rc8 30. d6 Rc2 31. Re1 Rd8 32. Re2 Rxe2 33.
Kxe2 Rxd6 34. Rxf7 Rc6 35. Kd2 Rd6+ 36. Ke3 Rd1 37. Rc7 h4 38. Rg7 Re1+ 39. Kd2
Rh1 40. Rxg4 Rxh2 41. f5 h3 42. Ke3 hxg2 43. Kf2 Rh5 44. Rf4 Rg5 45. Kg1 Kb7
46. f6 Rg8 47. f7 Rf8 48. Kxg2 Kc7 49. Kf3 Kd7 50. Ke4 Ke6 51. a4 Kd6 52. Rf5
Ke6 53. a5 bxa5 54. Rxa5 Ke7 55. Rf5 Kd6 56. Kd4 Ke6 57. Rf2 a5 58. Kc5 Rxf7
59. Rxf7 Kxf7 60. Kb5 Ke6 61. Kxa5 Kd7 62. Kb6 Kc8 63. Ka7 Kc7 64. b4 Kc6 65.
Ka6 Kc7 66. b5 Kb8 67. Kb6 Ka8 68. Kc7 1-0

[Event "34ème Open International d'Avoine"]
[Site "AVOINE"]
[Date "2019.07.24"]
[Round "5.12"]
[White "Dupont, Victor"]
[Black "Sandu, Mihaela"]
[Result "1-0"]
[WhiteElo "1984"]
[BlackElo "2286"]
[PlyCount "157"]
[EventDate "2019.??.??"]

1. d4 Nf6 2. c4 g6 3. Nc3 d5 4. cxd5 Nxd5 5. g3 Bg7 6. Bg2 Nf6 7. Nf3 O-O 8.
O-O Nbd7 9. a4 c6 10. a5 Nd5 11. Bd2 Nxc3 12. Bxc3 Rb8 13. Qc2 b6 14. Rfd1 Bb7
15. Bh3 Re8 16. Ne5 Nf6 17. Qb3 e6 18. axb6 axb6 19. Nc4 b5 20. Ne5 Ra8 21.
Rac1 Qb6 22. Bb4 Nd5 23. Bc5 Qc7 24. e4 Nb6 25. Qf3 Na4 26. Bd6 Qxd6 27. Qxf7+
Kh8 28. Qxb7 Qf8 29. b3 Bxe5 30. dxe5 Nb2 31. Rd7 Qh6 32. Bf1 Nd3 33. Rc3 Nxe5
34. Re7 Rf8 35. f4 Ng4 36. h3 Nf6 37. Rxe6 Ra1 38. h4 Ng8 39. Qc7 Nf6 40. Qe5
Qg7 41. Re7 Qg8 42. g4 b4 43. Rd3 Re1 44. Qb2 Rf7 45. Re6 Qc8 46. f5 Qf8 47.
Kf2 Rxf1+ 48. Kxf1 Kg8 49. Red6 Qe7 50. Rd8+ Ne8 51. Qd4 Rf8 52. Qc4+ Kh8 53.
R3d7 Qxh4 54. Qd4+ Kg8 55. Rxe8 Qh3+ 56. Ke1 Qg3+ 57. Kd2 Qg2+ 58. Kd3 Qf1+ 59.
Kc2 Qe2+ 60. Qd2 Qxd2+ 61. Kxd2 Rxe8 62. Ke3 h5 63. f6 Ra8 64. g5 Ra3 65. Rg7+
Kf8 66. e5 Ra1 67. Kd4 Re1 68. Rc7 h4 69. Rxc6 Rd1+ 70. Ke4 h3 71. e6 Kg8 72.
Rc8+ Kh7 73. Rc2 Kg8 74. Rf2 Kf8 75. f7 Re1+ 76. Kd5 Re3 77. Ra2 Kg7 78. Ra8
Rf3 79. Rg8+ 1-0

[Event "34ème Open International d'Avoine"]
[Site "AVOINE"]
[Date "2019.07.24"]
[Round "5.13"]
[White "Bouget, Alexandre"]
[Black "Dreux, Vincent"]
[Result "1-0"]
[WhiteElo "2275"]
[BlackElo "1978"]
[PlyCount "123"]
[EventDate "2019.??.??"]

1. d4 d5 2. c4 c6 3. Nf3 Nf6 4. Nc3 e6 5. e3 Nbd7 6. Qc2 Be7 7. b3 O-O 8. Bd3
h6 9. Bb2 c5 10. cxd5 cxd4 11. Nxd4 exd5 12. O-O Nc5 13. Bf5 Nce4 14. Nxe4 dxe4
15. Bxe4 Nxe4 16. Qxe4 Bf6 17. Rfd1 Qa5 18. h3 Rb8 19. Qc2 Bd7 20. Nf3 Bf5 21.
Qd2 Qxd2 22. Rxd2 Be7 23. Nd4 Bg6 24. Nb5 a6 25. Rd7 Bg5 26. Nd6 b5 27. f4 Rfd8
28. Rxd8+ Rxd8 29. fxg5 Rxd6 30. gxh6 gxh6 31. Rc1 Be4 32. Rc8+ Kh7 33. Rh8+
Kg6 34. Rg8+ Kh5 35. Be5 Rg6 36. g4+ Kh4 37. Rxg6 fxg6 38. Kh2 h5 39. Bf6+ g5
40. gxh5 Kxh5 41. b4 Kg6 42. Bd8 Kf5 43. Kg3 Bd5 44. a3 Bc4 45. e4+ Kxe4 46.
Bxg5 Kd3 47. Kf4 Kc2 48. Bd8 Kb3 49. h4 Kxa3 50. Ba5 Kb3 51. h5 Bd3 52. h6 Kc4
53. Ke5 Bc2 54. Kf6 Kd5 55. Kg7 Ke6 56. h7 Bxh7 57. Kxh7 Kf7 58. Bb6 Ke6 59.
Kg6 Kd7 60. Kf7 Kc6 61. Ba5 Kd7 62. Kf8 1-0

[Event "34ème Open International d'Avoine"]
[Site "AVOINE"]
[Date "2019.07.24"]
[Round "5.14"]
[White "Lambert, Thomas"]
[Black "Defromont, Benjamin"]
[Result "0-1"]
[WhiteElo "1965"]
[BlackElo "2245"]
[PlyCount "96"]
[EventDate "2019.??.??"]

1. e4 e6 2. d4 d5 3. Nd2 Nc6 4. Ngf3 Nf6 5. e5 Nd7 6. c4 dxc4 7. Nxc4 Bb4+ 8.
Bd2 O-O 9. Bd3 Nb6 10. b3 Nd5 11. O-O Bxd2 12. Qxd2 b6 13. Rac1 Bb7 14. Ne3
Nce7 15. Bb1 Rc8 16. Ng5 Ng6 17. Nxd5 Bxd5 18. h4 h6 19. h5 Qxg5 20. Qxg5 hxg5
21. hxg6 f5 22. f4 g4 23. Rc3 c6 24. Kf2 Rfe8 25. Bd3 Kf8 26. b4 b5 27. Rfc1
Rcd8 28. Ra3 Rd7 29. Rd1 Ke7 30. Ra5 Rh8 31. Rd2 Rh6 32. a4 bxa4 33. Rxa4 Rxg6
34. Rb2 Rh6 35. Rb1 Rh2 36. Bf1 Rh8 37. Rba1 Ra8 38. g3 Kf7 39. Ke3 Kg6 40. Be2
Rb7 41. Rc1 Rab8 42. Rca1 Rh8 43. Kd3 Rh2 44. Rg1 a5 45. Rxa5 Rxb4 46. Ra3 Rb2
47. Bd1 Rb1 48. Rf1 Rc1 0-1

[Event "34ème Open International d'Avoine"]
[Site "AVOINE"]
[Date "2019.07.24"]
[Round "5.15"]
[White "Marchais, Antoine"]
[Black "Msellek, Ilyass"]
[Result "0-1"]
[WhiteElo "1943"]
[BlackElo "2237"]
[PlyCount "74"]
[EventDate "2019.??.??"]

1. e4 c5 2. Nc3 a6 3. g3 b5 4. Bg2 Bb7 5. f4 e6 6. d3 Be7 7. Nh3 d6 8. O-O Qc8
9. f5 exf5 10. Rxf5 Nf6 11. Qf3 Nc6 12. Ne2 Ne5 13. Qf4 Qc7 14. Bd2 Bc8 15. Qg5
h6 16. Qf4 Bxf5 17. exf5 Rd8 18. Nf2 d5 19. Re1 Nh5 20. Qe3 O-O 21. Nc3 d4 22.
Qxe5 Bd6 23. Qe2 dxc3 24. Bxc3 b4 25. Qxh5 bxc3 26. bxc3 Rfe8 27. Ne4 Be5 28.
Rf1 f6 29. c4 Qa5 30. Kh1 Rb8 31. Nf2 Re7 32. Bd5+ Kh8 33. Ng4 Bd4 34. Be6 Qd2
35. h4 Qe2 36. Rc1 Qf3+ 37. Kh2 Bf2 0-1

[Event "34ème Open International d'Avoine"]
[Site "AVOINE"]
[Date "2019.07.24"]
[Round "5.16"]
[White "Eveno, Nathan"]
[Black "Grezels, Florian"]
[Result "1/2-1/2"]
[WhiteElo "1885"]
[BlackElo "2201"]
[PlyCount "44"]
[EventDate "2019.??.??"]

1. e4 c5 2. Nf3 e6 3. c4 Nc6 4. Nc3 e5 5. Be2 d6 6. d3 Be7 7. O-O f5 8. a3 Nf6
9. Rb1 a5 10. Bg5 O-O 11. Bxf6 Bxf6 12. Ne1 Bg5 13. exf5 Bxf5 14. Nc2 Qf6 15.
b4 axb4 16. axb4 cxb4 17. Nxb4 Nd4 18. Nbd5 Qf7 19. Bg4 Bh4 20. Bxf5 Qxf5 21.
Rxb7 Bxf2+ 22. Kh1 Qe6 1/2-1/2

[Event "34ème Open International d'Avoine"]
[Site "AVOINE"]
[Date "2019.07.24"]
[Round "5.17"]
[White "Bouvet, Florian"]
[Black "Briand, Amaury"]
[Result "1-0"]
[WhiteElo "2200"]
[BlackElo "1896"]
[PlyCount "83"]
[EventDate "2019.??.??"]

1. Nf3 d5 2. g3 Nf6 3. Bg2 Bf5 4. c4 c6 5. b3 g6 6. Bb2 Bg7 7. O-O O-O 8. d3
Re8 9. Nbd2 Nbd7 10. Nd4 e5 11. Nxf5 gxf5 12. e3 e4 13. d4 Nf8 14. Rc1 Rc8 15.
Qe2 Ng6 16. Bh3 Qd7 17. Ba3 Ng4 18. Rc2 Bf6 19. Rfc1 Nh6 20. Nb1 Kg7 21. Nc3
Ne7 22. cxd5 Nxd5 23. Na4 Rcd8 24. Nc3 Rc8 25. Qd2 Kg6 26. Bf1 Nxc3 27. Qxc3
Ng8 28. Qa5 a6 29. d5 cxd5 30. Rxc8 Rxc8 31. Rxc8 Qxc8 32. Qxd5 Ne7 33. Bxe7
Bxe7 34. Bc4 Kh6 35. Qxf7 Qf8 36. Qd5 b5 37. Be2 Qf6 38. Kg2 Kg6 39. Qg8+ Qg7
40. Qe8+ Kf6 41. Qc6+ Ke5 42. Qc3+ 1-0

[Event "34ème Open International d'Avoine"]
[Site "AVOINE"]
[Date "2019.07.24"]
[Round "5.18"]
[White "Schmit, Vincent"]
[Black "Budak, Lori"]
[Result "1-0"]
[WhiteElo "2192"]
[BlackElo "1710"]
[PlyCount "51"]
[EventDate "2019.??.??"]

1. e4 c5 2. Nf3 g6 3. d4 cxd4 4. Nxd4 Bg7 5. Nc3 Nc6 6. Be3 Nf6 7. Bc4 Qa5 8.
f3 O-O 9. Qd2 Rb8 10. O-O-O d6 11. h4 h5 12. Kb1 Bd7 13. Bh6 Rfc8 14. Bxg7 Kxg7
15. Bb3 Ne5 16. Qg5 Qc5 17. g4 hxg4 18. h5 Nxf3 19. Nxf3 gxf3 20. Rd5 Nxd5 21.
Nxd5 Rh8 22. h6+ Kh7 23. Qxe7 Rhf8 24. Qf6 Rg8 25. Qxf7+ Kh8 26. Nf6 1-0

[Event "34ème Open International d'Avoine"]
[Site "AVOINE"]
[Date "2019.07.24"]
[Round "5.19"]
[White "De Lussac, Rainier"]
[Black "Maiorov, Nikita"]
[Result "0-1"]
[WhiteElo "2153"]
[BlackElo "2522"]
[PlyCount "87"]
[EventDate "2019.??.??"]

1. d4 Nf6 2. c4 e6 3. Nf3 b6 4. g3 Ba6 5. b3 Bb4+ 6. Bd2 Be7 7. Nc3 d5 8. cxd5
exd5 9. Bg2 O-O 10. O-O Bb7 11. Rc1 Na6 12. Bg5 h6 13. Bxf6 Bxf6 14. Ne5 c5 15.
f4 Be7 16. Kh1 Nc7 17. Rc2 Rb8 18. e3 cxd4 19. exd4 Rc8 20. Bh3 Ra8 21. Qh5 Bb4
22. f5 Ne8 23. Ng4 Nf6 24. Qh4 Nxg4 25. Qxg4 Qf6 26. Bg2 Rad8 27. a3 Be7 28. b4
Rc8 29. Rfc1 Qd6 30. h4 Qd7 31. Qf3 Rfd8 32. Kh2 Bf6 33. Qd3 Kh8 34. a4 Rc4 35.
Ne2 Qxa4 36. Rxc4 dxc4 37. Qxc4 Ba6 38. Qc2 Qxb4 39. d5 Rc8 40. Qd1 Be5 41. Kh3
Rxc1 42. Nxc1 Qc3 43. Bf3 Bd6 44. Ne2 0-1

[Event "34ème Open International d'Avoine"]
[Site "AVOINE"]
[Date "2019.07.20"]
[Round "5.20"]
[White "Abergel, Thal"]
[Black "Le, Quan Anh"]
[Result "1-0"]
[WhiteElo "2450"]
[BlackElo "2119"]
[PlyCount "55"]
[EventDate "2019.??.??"]

1. Nf3 Nf6 2. e4 c5 3. g3 Nc6 4. Bg2 d5 5. exd5 Nxd5 6. O-O e5 7. Nc3 Nc7 8. d3
Be7 9. Be3 Bd7 10. Nd2 O-O 11. Nc4 f6 12. a4 Nd4 13. Bxb7 Bh3 14. Re1 Rb8 15.
Bh1 h5 16. Nb5 Ncxb5 17. axb5 Nxb5 18. Na5 Qd7 19. Nc6 Rb6 20. Nxe7+ Qxe7 21.
b4 Nd4 22. bxc5 Qxc5 23. Rxa7 Rb2 24. Bxd4 exd4 25. Qa1 Qc3 26. Rc7 Qd2 27. Bf3
h4 28. Rd1 1-0

[Event "34ème Open International d'Avoine"]
[Site "AVOINE"]
[Date "2019.07.24"]
[Round "5.21"]
[White "Viers, Matthieu"]
[Black "Dionisi, Thomas"]
[Result "0-1"]
[WhiteElo "2144"]
[BlackElo "2405"]
[PlyCount "36"]
[EventDate "2019.??.??"]

1. e4 e5 2. Nf3 Nc6 3. Bc4 Bc5 4. c3 Nf6 5. d3 a6 6. Bb3 Ba7 7. O-O d6 8. Nbd2
h6 9. Re1 g5 10. d4 g4 11. dxe5 gxf3 12. exf6 fxg2 13. e5 Nxe5 14. Qf3 Be6 15.
Qxb7 Bb6 16. Nf3 Rb8 17. Qe4 Qxf6 18. Bxe6 Qxf3 0-1

[Event "34ème Open International d'Avoine"]
[Site "AVOINE"]
[Date "2019.07.20"]
[Round "5.22"]
[White "Lejarre, Ludovic"]
[Black "Mathieu, Phileas"]
[Result "1-0"]
[WhiteElo "2345"]
[BlackElo "2178"]
[PlyCount "119"]
[EventDate "2019.??.??"]

1. e4 c5 2. Nc3 Nc6 3. Bb5 Nd4 4. Bc4 e6 5. Nge2 Ne7 6. O-O g6 7. Nxd4 cxd4 8.
Nb5 Nc6 9. c3 a6 10. Nxd4 Nxd4 11. cxd4 b5 12. Bb3 Bg7 13. d5 Bb7 14. dxe6 fxe6
15. Qe2 O-O 16. d3 Qf6 17. Rb1 a5 18. Be3 d5 19. f3 a4 20. Bc2 d4 21. Bd2 Rfe8
22. Rfc1 e5 23. b3 Bc6 24. Bd1 Bf8 25. bxa4 bxa4 26. Rb6 Ba3 27. Rc4 Qd6 28. f4
Bc5 29. fxe5 Qxe5 30. Rb1 Bd7 31. g3 Be6 32. Rxa4 Rxa4 33. Bxa4 Bxa2 34. Bf4
Qe6 35. Rb2 Bc4 36. Kg2 Qa6 37. Bb3 Bxb3 38. Rxb3 Bf8 39. Rb8 Rxb8 40. Bxb8 Qe6
41. Qc2 Bg7 42. Qc4 Kf7 43. Kf3 Ke7 44. Qc7+ Kf8 45. Qd8+ Kf7 46. Qd5 Ke7 47.
Ba7 Qf7+ 48. Qxf7+ Kxf7 49. Kf4 Ke6 50. Kg5 Kf7 51. Bb8 h6+ 52. Kf4 Ke6 53. e5
Kd5 54. Bd6 Bh8 55. h4 Bg7 56. g4 h5 57. gxh5 gxh5 58. Kg5 Bxe5 59. Bxe5 Kxe5
60. Kxh5 1-0

[Event "34ème Open International d'Avoine"]
[Site "AVOINE"]
[Date "2019.07.24"]
[Round "5.23"]
[White "Shirazi, Kamran"]
[Black "Caloone, Thomas"]
[Result "0-1"]
[WhiteElo "2343"]
[BlackElo "2111"]
[PlyCount "91"]
[EventDate "2019.??.??"]

1. e4 e5 2. f4 Bc5 3. Nf3 d6 4. c3 a6 5. d4 exd4 6. cxd4 Ba7 7. Nc3 Nf6 8. h3
O-O 9. Bd3 b5 10. O-O Bb7 11. e5 dxe5 12. fxe5 Bxd4+ 13. Kh1 Bxf3 14. Qxf3 Bxe5
15. Bg5 Nbd7 16. Rad1 c5 17. Bf5 Qc7 18. Bxd7 Bxc3 19. Bc6 Rac8 20. Qxc3 Qxc6
21. Rxf6 gxf6 22. Bxf6 Qe4 23. Rd3 Rfe8 24. Rg3+ Kf8 25. Bg7+ Ke7 26. Re3 Qxe3
27. Qxe3+ Kd7 28. Qf3 b4 29. Qb7+ Rc7 30. Qxa6 Re6 31. Qa4+ Ke7 32. a3 bxa3 33.
Qxa3 f6 34. Bh6 Kf7 35. Qg3 Ree7 36. Qg7+ Ke6 37. Qg4+ Kf7 38. Bf4 Rc6 39. Qf3
Rc8 40. Qh5+ Ke6 41. Qg4+ f5 42. Qe2+ Kf7 43. Qh5+ Ke6 44. Qh6+ Kd7 45. Qa6 Kd8
46. Bg5 0-1

[Event "34ème Open International d'Avoine"]
[Site "AVOINE"]
[Date "2019.07.24"]
[Round "5.24"]
[White "Daeschler, Florian"]
[Black "Gely, Yann"]
[Result "1/2-1/2"]
[WhiteElo "2334"]
[BlackElo "2110"]
[PlyCount "50"]
[EventDate "2019.??.??"]

1. d4 Nf6 2. c4 e6 3. g3 d5 4. Nf3 Bb4+ 5. Bd2 Be7 6. Bg2 Nbd7 7. Qc2 Ne4 8.
O-O O-O 9. Nc3 Nxd2 10. Nxd2 dxc4 11. Nxc4 c6 12. Rfd1 Qc7 13. Rac1 b6 14. Ne5
Nxe5 15. Nb5 Qb8 16. dxe5 cxb5 17. Bxa8 Qxa8 18. Qc7 Bg5 19. f4 Bb7 20. fxg5
Bh1 21. Kf2 Qg2+ 22. Ke1 Qg1+ 23. Kd2 Qd4+ 24. Ke1 Qg1+ 25. Kd2 Qd4+ 1/2-1/2

[Event "34ème Open International d'Avoine"]
[Site "AVOINE"]
[Date "2019.07.24"]
[Round "5.25"]
[White "Burille, Matthieu"]
[Black "Hautot, Stephane"]
[Result "0-1"]
[WhiteElo "2121"]
[BlackElo "2328"]
[PlyCount "82"]
[EventDate "2019.??.??"]

1. e4 c5 2. Nf3 e6 3. d4 cxd4 4. Nxd4 Nf6 5. Nc3 d6 6. Bg5 Be7 7. Qd2 a6 8. Nb3
Nbd7 9. a4 b6 10. Bd3 Bb7 11. h3 O-O 12. O-O Qc7 13. Rad1 Rfe8 14. Rfe1 Ne5 15.
Qe2 Ng6 16. Be3 Nd7 17. f4 Nc5 18. Qf2 Rac8 19. Nxc5 bxc5 20. Bc4 Bh4 21. g3
Bf6 22. h4 Red8 23. h5 Ne7 24. Qe2 Qc6 25. Bf2 h6 26. Qg4 Bxc3 27. bxc3 d5 28.
Bd3 Qxa4 29. Ra1 Qc6 30. Ra5 Qb6 31. Rea1 dxe4 32. Bxa6 Bxa6 33. Rxa6 Qb2 34.
Qe2 f5 35. Qc4 Nd5 36. Ra7 Qxc2 37. Bxc5 e3 38. Rxg7+ Kxg7 39. Qd4+ Kg8 40. Ra7
Qf2+ 41. Kh1 Nf6 0-1

[Event "34ème Open International d'Avoine"]
[Site "AVOINE"]
[Date "2019.07.24"]
[Round "5.26"]
[White "Gao, Etienne"]
[Black "Duchateau, Thomas"]
[Result "1/2-1/2"]
[WhiteElo "2306"]
[BlackElo "2096"]
[PlyCount "46"]
[EventDate "2019.??.??"]

1. e4 c5 2. Nf3 d6 3. d4 cxd4 4. Nxd4 Nf6 5. Nc3 a6 6. Bg5 Nbd7 7. Bc4 Qa5 8.
Qd2 e6 9. O-O Be7 10. Rae1 h6 11. Bh4 g5 12. Bg3 Nh5 13. Bb3 Ne5 14. Ba4+ Kf8
15. Bb3 Bd7 16. Rd1 Rd8 17. Qe2 Nxg3 18. fxg3 Kg7 19. Kh1 h5 20. Nf3 g4 21.
Nxe5 dxe5 22. Qf2 Rdf8 23. Qf4 Bc6 1/2-1/2

[Event "34ème Open International d'Avoine"]
[Site "AVOINE"]
[Date "2019.07.24"]
[Round "5.27"]
[White "Selebran, Henri"]
[Black "Perrin, Guillaume"]
[Result "1-0"]
[WhiteElo "2070"]
[BlackElo "2289"]
[PlyCount "42"]
[EventDate "2019.??.??"]

1. c4 g6 2. g3 Bg7 3. Nc3 Nf6 4. Bg2 c6 5. e4 d6 6. Nge2 e5 7. O-O Be6 8. d3
Qd7 9. f4 h5 10. b3 h4 11. d4 Bg4 12. fxe5 dxe5 13. Bg5 exd4 14. Bxf6 Bxf6 15.
Rxf6 dxc3 16. Rd6 Qe7 17. Qd4 O-O 18. Nxc3 h3 19. e5 hxg2 20. Ne4 c5 21. Qxc5
Kg7 1-0

[Event "34ème Open International d'Avoine"]
[Site "AVOINE"]
[Date "2019.07.24"]
[Round "5.28"]
[White "Gouanelle, Franck"]
[Black "Dieu, Bruno"]
[Result "1/2-1/2"]
[WhiteElo "2094"]
[BlackElo "2256"]
[PlyCount "75"]
[EventDate "2019.??.??"]

1. e4 e6 2. d4 d5 3. exd5 exd5 4. Nf3 Nc6 5. Bb5 Bg4 6. h3 Qe7+ 7. Kf1 Bxf3 8.
Qxf3 O-O-O 9. c3 h6 10. Bf4 g5 11. Bxc6 bxc6 12. Be5 f6 13. Bg3 Re8 14. Na3 h5
15. Nc2 Qd7 16. Re1 Rxe1+ 17. Kxe1 h4 18. Bh2 Be7 19. Kd1 Nh6 20. Re1 Kd8 21.
Qe2 Bd6 22. Bxd6 Qxd6 23. Qa6 Re8 24. Qxa7 Rxe1+ 25. Nxe1 Nf5 26. Qb8+ Ke7 27.
a4 Kf7 28. a5 c5 29. Qc8 Ne7 30. Qh8 Qf4 31. Nd3 Qf5 32. Nxc5 Qxf2 33. a6 Qxg2
34. Kc1 Nf5 35. a7 Qf1+ 36. Kc2 Ne3+ 37. Kd2 Nc4+ 38. Kc2 1/2-1/2

[Event "34ème Open International d'Avoine"]
[Site "AVOINE"]
[Date "2019.07.24"]
[Round "5.29"]
[White "Malassagne, Raphael"]
[Black "Kern, Nicolas"]
[Result "1-0"]
[WhiteElo "2252"]
[BlackElo "2085"]
[PlyCount "87"]
[EventDate "2019.??.??"]

1. d4 Nf6 2. Bf4 e6 3. e3 b6 4. Nd2 Be7 5. c3 Bb7 6. h3 O-O 7. Ngf3 c5 8. Bd3
Nc6 9. O-O d6 10. Qe2 Re8 11. e4 cxd4 12. cxd4 Rc8 13. a3 Nxd4 14. Nxd4 e5 15.
Bb5 Rf8 16. Be3 exd4 17. Bxd4 Qc7 18. Rfe1 Qc2 19. Bc3 Rxc3 20. bxc3 Qxc3 21.
Rac1 Qe5 22. Rc7 Ba8 23. Nf3 Qe6 24. Bc4 d5 25. exd5 Qxe2 26. Rxe2 Bxa3 27. Ne5
a5 28. Nd7 Rd8 29. Nxb6 h6 30. Ra7 Bc5 31. Rxa8 Bxb6 32. Rxd8+ Bxd8 33. Rb2 Bc7
34. Rb7 Bd6 35. Rb6 Ne4 36. Bd3 Nxf2 37. Rxd6 Nxd3 38. Rd8+ Kh7 39. d6 Kg6 40.
Re8 Nc5 41. Rc8 Nd7 42. Rc7 Nf8 43. d7 Ne6 44. Rc6 1-0

[Event "34ème Open International d'Avoine"]
[Site "AVOINE"]
[Date "2019.07.24"]
[Round "5.30"]
[White "Hingouet, Matthieu"]
[Black "Laplanche, Denis"]
[Result "0-1"]
[WhiteElo "2245"]
[BlackElo "2073"]
[PlyCount "100"]
[EventDate "2019.??.??"]

1. d4 Nf6 2. c4 e6 3. Nc3 Bb4 4. e3 d5 5. a3 Bxc3+ 6. bxc3 O-O 7. Bd3 dxc4 8.
Bxc4 e5 9. Ne2 c5 10. O-O Nc6 11. Bb2 Qe7 12. a4 b6 13. Ba3 Rd8 14. Qc2 Na5 15.
Ba2 Ba6 16. Rfd1 Nc4 17. Bxc4 Bxc4 18. Ng3 g6 19. e4 h5 20. d5 Ne8 21. Bc1 Nd6
22. f3 Rac8 23. Nh1 Rf8 24. Bh6 Rfe8 25. Qd2 f6 26. Be3 Qd7 27. Qc2 f5 28. exf5
gxf5 29. Nf2 Qf7 30. Nh3 f4 31. Bf2 Qf5 32. Qxf5 Nxf5 33. Ng5 Rcd8 34. Ne4 Kf7
35. d6 Rd7 36. a5 Rc8 37. axb6 axb6 38. g4 hxg4 39. fxg4 Ne3 40. Bxe3 fxe3 41.
h3 Kg6 42. Ng3 Kg5 43. Kg2 Rf8 44. Nf5 e2 45. Rd2 Kf4 46. Kf2 e4 47. Rxe2 Bxe2
48. Kxe2 b5 49. Rf1+ Ke5 50. Ke3 Rxd6 0-1

[Event "34ème Open International d'Avoine"]
[Site "AVOINE"]
[Date "2019.07.20"]
[Round "5.31"]
[White "Samoun, Florent"]
[Black "Joly, Julien"]
[Result "1/2-1/2"]
[WhiteElo "2230"]
[BlackElo "2060"]
[PlyCount "180"]
[EventDate "2019.??.??"]
[WhiteTeam "C.E. de  Bois-Colombes"]
[BlackTeam "Echecs Club de Corbas"]

1. e4 c5 2. Nc3 a6 3. a3 b5 4. b4 cxb4 5. axb4 Bb7 6. Rb1 e6 7. Nf3 Nc6 8. Ba3
Rc8 9. Bd3 d6 10. O-O Nf6 11. Re1 Be7 12. Bf1 Qb6 13. Rb3 Ne5 14. d3 O-O 15.
Bc1 Qc7 16. Bf4 Ng6 17. Bd2 Nd7 18. g3 Nb6 19. Bg2 Bf6 20. Ra3 Rfd8 21. h4 d5
22. exd5 Nxd5 23. Ne4 Be7 24. c3 Nf8 25. Qe2 Nd7 26. Neg5 Nf8 27. d4 h6 28. Ne4
Nd7 29. Raa1 N7b6 30. Nc5 Bxc5 31. bxc5 Nc4 32. Ne5 Nxe5 33. Qxe5 Qxe5 34. Rxe5
Ra8 35. Ree1 Bc6 36. Ra5 Rd7 37. Rea1 Rda7 38. Bf1 Kf8 39. c4 bxc4 40. Bxc4 Nc7
41. Kf1 Ke8 42. Ke2 Kd7 43. Kd3 Bb5 44. h5 Kc6 45. Bxb5+ Nxb5 46. Kc4 Kb7 47.
g4 Rd8 48. Be3 Raa8 49. f4 Nc7 50. Rb1+ Nb5 51. f5 Kc6 52. Rf1 Nc7 53. Raa1 Kb7
54. Rfb1+ Nb5 55. f6 gxf6 56. Rf1 Rd7 57. Rxf6 Rg8 58. g5 hxg5 59. h6 g4 60. h7
Rh8 61. Rh6 Nc7 62. Bf4 Nd5 63. Bd6 f6 64. Rhh1 Nb6+ 65. Kd3 Rhxh7 66. Rhc1
Rxd6 67. cxd6 Rd7 68. Rc5 Nd5 69. Rb1+ Nb6 70. Rbc1 Nd5 71. Rh1 Rxd6 72. Rh7+
Kb6 73. Rc8 a5 74. Rb8+ Ka6 75. Ra8+ Kb5 76. Rha7 Nb4+ 77. Kc3 Nc6 78. Rb7+ Ka4
79. Ra6 g3 80. Rg7 Nxd4 81. Rxd6 Nb5+ 82. Kd3 Nxd6 83. Rxg3 Kb3 84. Rg6 a4 85.
Rxf6 a3 86. Rxe6 a2 87. Rxd6 a1=Q 88. Rb6+ Ka2 89. Ra6+ Kb1 90. Rxa1+ Kxa1
1/2-1/2

[Event "34ème Open International d'Avoine"]
[Site "AVOINE"]
[Date "2019.07.24"]
[Round "5.32"]
[White "Lacroix, Romain"]
[Black "Engelmann, Herve"]
[Result "1-0"]
[WhiteElo "2226"]
[BlackElo "2057"]
[PlyCount "63"]
[EventDate "2019.??.??"]

1. d4 Nf6 2. Nf3 d5 3. c4 e6 4. g3 c6 5. Bg2 Bd6 6. O-O O-O 7. Qc2 Nbd7 8. Nc3
e5 9. dxe5 Nxe5 10. cxd5 cxd5 11. Bg5 Be6 12. Rfd1 Rc8 13. Qa4 Nc4 14. Qb3 Bc5
15. Qxb7 Bb6 16. Bxf6 Qxf6 17. Nxd5 Bxd5 18. Qxd5 Qxb2 19. Bf1 Rfd8 20. Qf5 g6
21. Qf4 Kg7 22. Rxd8 Bxd8 23. Rd1 Bf6 24. Rd7 Qxa2 25. Ng5 Ne5 26. Rb7 Qa6 27.
Ne4 Rc6 28. Rb8 Nd7 29. Rb1 Qa2 30. Rb7 Ne5 31. Nxf6 Rxf6 32. Qxe5 1-0

[Event "34ème Open International d'Avoine"]
[Site "AVOINE"]
[Date "2019.07.24"]
[Round "5.33"]
[White "Bournel, Antoine"]
[Black "Batteux, Mickael"]
[Result "1-0"]
[WhiteElo "2217"]
[BlackElo "2042"]
[PlyCount "63"]
[EventDate "2019.??.??"]

1. e4 d5 2. exd5 Nf6 3. d4 Bg4 4. Bb5+ Nbd7 5. f3 Bf5 6. Nc3 a6 7. Ba4 b5 8.
Bb3 Nb6 9. Nge2 Nfxd5 10. Nxd5 Nxd5 11. Ng3 Bc8 12. O-O e6 13. c3 Be7 14. Ne4
O-O 15. Qe2 Bb7 16. Bc2 Nf6 17. Be3 Bd5 18. b3 Rb8 19. Qd3 g6 20. Rad1 a5 21.
Qe2 Ba8 22. Rfe1 Nd5 23. Bd2 Re8 24. Bb1 Bh4 25. g3 Be7 26. c4 bxc4 27. bxc4
Nb4 28. Bc3 Qc8 29. a3 Nc6 30. d5 exd5 31. cxd5 f5 32. Qc4 1-0

[Event "34ème Open International d'Avoine"]
[Site "AVOINE"]
[Date "2019.07.24"]
[Round "5.34"]
[White "Arnaud, Aurelien"]
[Black "Radovanovic, Luka"]
[Result "1/2-1/2"]
[WhiteElo "2196"]
[BlackElo "2024"]
[PlyCount "42"]
[EventDate "2019.??.??"]

1. d4 d5 2. c4 dxc4 3. e4 Nf6 4. Nc3 e5 5. Nf3 exd4 6. Qxd4 Qxd4 7. Nxd4 Bc5 8.
Be3 Ng4 9. Bxc4 Nxe3 10. fxe3 Nc6 11. Nxc6 bxc6 12. Kf2 O-O 13. Ne2 Be6 14.
Rac1 Rad8 15. Bb3 Bb6 16. Rhd1 Rxd1 17. Rxd1 Bxb3 18. axb3 f5 19. Nf4 fxe4 20.
Ke2 Rf5 21. Rd7 Re5 1/2-1/2